| 000 -CABECERA |
| fixed length control field |
02168nam a22002897a 4500 |
| 003 - IDENTIFICADOR DEL NÚMERO DE CONTROL |
| control field |
AR-CdUCM |
| 008 - DATOS DE LONGITUD FIJA--INFORMACIÓN GENERAL |
| fixed length control field |
190425b ||||| |||| 00| 0 spa d |
| 040 ## - FUENTE DE LA CATALOGACIÓN |
| Agencia/entidad que catalogó originalmente la obra |
MUNICIPALIDAD PROVINCIAL DEL CUSCO |
| Entidad que transcribió la catalogación |
BIBLIOTECA MUNICIPAL DEL CUSCO |
| 082 ## - NÚMERO DE LA CLASIFICACIÓN DECIMAL DEWEY |
| No. de Clasificación |
Rev.Univ/N°88,89/1945 |
| Notacion interna |
Rev.Univ/N°88,89/1945 |
| 110 ## - ENTRADA PRINCIPAL--NOMBRE DE ENTIDAD CORPORATIVA |
| Nombre de la institución, jurisdicción como entrada principal |
Universidad Nacional de San Antonio Abad del Cusco |
| 9 (RLIN) |
15942 |
| 245 ## - MENCIÓN DE TÍTULO |
| Título |
Revista Universitaria : |
| Resto del título |
Órgano de la Universidad del Cuzco / |
| 260 ## - PUBLICACIÓN, DISTRIBUCIÓN, ETC. |
| Lugar de publicación, distribución, etc. |
Cusco : |
| Nombre de la editorial, distribuidor, etc. |
H.G. Rozas, |
| Fecha de publicación, distribución, etc. |
1945. |
| 300 ## - DESCRIPCIÓN FÍSICA |
| Nº de Páginas Extensión |
197 páginas. : |
| Dimensiones |
20 cm. |
| 440 ## - MENCIÓN DE SERIE/PUNTO DE ACCESO ADICIONAL--TÍTULO |
| Título |
Revista Universitaria |
| Número de la parte/sección de una obra |
Año XXXIV, 1°y 2° semestre 1945, N°88,89 |
| 9 (RLIN) |
45941 |
| 505 ## - NOTA DE CONTENIDO CON FORMATO |
| Nota de contenido formateada |
Contenido: La Universidad Nacional del Cuzco a sus hermanas de América y España con motivo del cuarto de milenio de su fundación 1696-1946. Alfredo Yépez Miranda. -- La evolución del pensamiento matemático. Alberto Corazao. -- La Universidad de San Antonio Abad del Cuzco somera sinopsis de su historia. José Gabriel Cosío. -- Un breve entredicho en la Universidad del Cuzco. Manuel Nieto. -- Síntesis histórica de la tricentenaria Universidad del Cuzco. Julián Santisteban Ochoa. -- Los grandes maestros de la Universidad. Víctor Guillen. -- Vocabulario segundo del Castellano al Indico. Diego Torres Rubio en 1619, aumentado después con los vocablos de la lengua Chinchaysuyo por el padre Juan de Figueredo. Luis A. Pardo. -- Gonzales Prada profeta. Luis Velasco Aragón. -- El circuito de los materiales terrestres. Juvenal Salas Rodríguez. -- El sacrilegio de Don Fadrique tradición cuzqueña. Ángel Carreño. -- Influencia de la música incaica en el cancionero del norte argentino, un nuevo libro por Policarpo Caballero. Horacio Villanueva Urteaga. |
| 650 ## - PUNTO DE ACCESO ADICIONAL DE MATERIA--TÉRMINO DE MATERIA |
| Descriptor |
Universidad Nacional de San Antonio Abad del Cusco |
| 9 (RLIN) |
15944 |
| 650 ## - PUNTO DE ACCESO ADICIONAL DE MATERIA--TÉRMINO DE MATERIA |
| Descriptor |
Música inka |
| 9 (RLIN) |
45848 |
| 650 ## - PUNTO DE ACCESO ADICIONAL DE MATERIA--TÉRMINO DE MATERIA |
| Descriptor |
Castellano |
| 9 (RLIN) |
7963 |
| 650 ## - PUNTO DE ACCESO ADICIONAL DE MATERIA--TÉRMINO DE MATERIA |
| Descriptor |
Quechua |
| 9 (RLIN) |
2063 |
| 700 ## - PUNTO DE ACCESO ADICIONAL--NOMBRE DE PERSONA |
| Nombre Personal |
Villanueva Urteaga, Horacio |
| 9 (RLIN) |
5790 |
| 700 ## - PUNTO DE ACCESO ADICIONAL--NOMBRE DE PERSONA |
| Nombre Personal |
Carreño, Ángel |
| 9 (RLIN) |
27901 |
| 700 ## - PUNTO DE ACCESO ADICIONAL--NOMBRE DE PERSONA |
| Nombre Personal |
Santiesteban Ochoa, Julián |
| 9 (RLIN) |
29993 |
| 700 ## - PUNTO DE ACCESO ADICIONAL--NOMBRE DE PERSONA |
| Nombre Personal |
Cosío, José Gabriel |
| 9 (RLIN) |
11720 |
| 710 ## - PUNTO DE ACCESO ADICIONAL--NOMBRE DE ENTIDAD CORPORATIVA |
| Nombre corporativo (En letras Mayúsculas) |
Universidad Nacional de San Antonio Abad del Cusco |
| 9 (RLIN) |
15942 |
| 942 ## - ELEMENTOS DE PUNTO DE ACCESO ADICIONAL (KOHA) |
| Fuente de clasificación |
|
| Tipo de item |
Revistas cusqueñas |
| 945 ## - PROCESAMIENTO DE INFORMACIÓN LOCAL (OCLC) |
| Catalogador |
rac |